Design Basics Index : A Graphic Designer's Guide to Designing Effective Compositions, Selecting Dynamic Components and Developing Creative Concepts /

Obra introductoria al diseño gráfico en que se explican los tres elementos básicos que todo producto visual debe tener para ser exitoso: componentes, composición y concepto.

保存先:
書誌詳細
第一著者: Krause, Jim (autor)
フォーマット: 図書
言語:英語
出版事項: Cincinnati, EUA : How Design Books, 2004, c2004
シリーズ:(Index Library)
主題:
タグ: タグ追加
タグなし, このレコードへの初めてのタグを付けませんか!

MARC

LEADER 00000nam^a2200000^a^4500
001 000187119
005 20250521000000.0
009 20260310102250.955
020 |a 1-58180-501-2 
037 |a Acervo ITESO - Biblioteca 
041 |a ING 
082 |a 741. 6  |b KRA 
100 |a Krause, Jim  |e (autor) 
245 1 0 |a Design Basics Index :  |b A Graphic Designer's Guide to Designing Effective Compositions, Selecting Dynamic Components and Developing Creative Concepts / 
264 4 |a Cincinnati, EUA :  |b How Design Books,  |c 2004, c2004 
300 |a 359 p. 
336 |a texto  |b txt  |2 rdacontenido 
337 |a sin mediación  |b n  |2 rdamedio 
338 |a volumen  |b nc  |2 rdasoporte 
440 1 |a (Index Library) 
520 |a Obra introductoria al diseño gráfico en que se explican los tres elementos básicos que todo producto visual debe tener para ser exitoso: componentes, composición y concepto. 
649 |a XX 
650 |a Bocetos (Diseño) 
650 |a Identidad Corporativa 
650 |a Color 
650 |a Composición (Arte) 
650 |a Estética 
650 |a Diseño Asistido por Computadora 
650 |a Diseño Tipográfico 
650 |a Diseño Editorial 
650 |a Diseño Gráfico -  |x Teoría 
650 |a Diseño Gráfico -  |x Técnica 
650 |a Comunicación Visual 
910 |a Fondo General 
920 |a Impresos - Libros 
930 |a Colección General 
905 |a 101 
901 |a 0500129080  |b IT1  |c ACC  |u 20250521 
902 |a https://opac.biblio.iteso.mx/vufind/Record/000187119